000 00990nam a2200325Ia 4500
003 OSt
005 20221007124941.0
006 a|||||r|||| 00| 0
007 ta
008 221006b |||||||| |||| 00| 0 eng d
020 _a9781605352909 (pbk)
024 _a201053
037 _b485, 19/12/2019, A.J. Books
_cTextual
040 _aCDL
_cCDL
_beng
041 _2eng
_aeng
082 _aG11, Q6;2 Carc
100 _aCooper Geoffrey M
_9392382
245 0 _aCell: A molecular approach
_b Hausman Robert E
250 _a7th
260 _aSunderland
_bOUP
_c2016
300 _axxv, 832p. ill.
_ccm.
500 _aGlossary 783-801p.; Index 805-832p.
650 _a Cancer
650 _a Genes and genomes
_9711964
650 _a Plasma membrane
_9721117
650 _aChemistry
700 _a Hausman Robert E
942 _hG11, Q6;2 Carc
_cTEXL
_2CC
999 _c1214429
_d1214429